000 00494nam a2200181Ia 4500
003 0OSt
005 20260320101438.0
008 240810s9999 xx 000 0 und d
020 _a978-989-20-2800-2
040 _aBiblioteca Geral-Universidade Lusíada de Angola
_cBULA
082 _m10(1)
_a327
100 _aMOREIRA ,Paulo
_91004
245 2 _aA chicala não é um Bairro Pequeno
300 _a104p
650 _aRelaçoes Internacionais
700 _aPaulo Moreira
942 _cLivros
_2ddc
999 _c633
_d633